José Celestino Mutis, 1732-1982 / (Registro nro. 19474)

Detalles MARC
000 -CABECERA
Campo de control 01797cam a2200289 a 4500
005 - FECHA Y HORA DE LA ULTIMA TRANSACCION
Campo de control 20180803170401.0
008 - ELEMENTOS DE LONGITUD FIJA—INFORMACION GENERAL
Campo de control 841023s1983 ck a b f000 0bspa
040 ## - FUENTE DE CATALOGACIÓN
Agencia catalogadora original DLC
Agencia transcriptora DLC
Agencia Modificadora DLC
-- CO-BoIAVH
041 0# - IDIOMA
Código de idioma para texto/pista de sonido o título separado Español
044 ## - PAÍS DE PUBLICACIÓN
País de publicación Colombia
082 04 - NUMERO DE CLASIFICACION DECIMAL DEWEY
Número de clasificación 580.926
Número del ítem J83c
245 00 - MENCION DE TITULO
Título José Celestino Mutis, 1732-1982 /
Mención de responsabilidad editores Polidoro Pinto Escobar, y Santiago Díaz Piedrahita
260 ## - PUBLICACION, DISTRIBUCION, ETC. (PIE DE IMPRENTA)
Lugar de publicación, distribución, etc. Bogotá, D.E. :
Nombre del editor, distribuidor, etc. Universidad Nacional de Colombia, Instituto de Ciencias Naturales--Museo de Historia Natural,
Fecha de publicación, distribución, etc. 1983.
300 ## - DESCRIPCION FISICA
Extensión 284 páginas :
Otros detalles físicos ilustraciones ;
Dimensiones 22 x 32 cm.
490 0# - MENCION DE SERIE
Mención de serie Biblioteca José Jerónimo Triana ;
Designación numérica/secuencial del volumen 1
504 ## - NOTA DE BIBLIOGRAFIA, ETC.
Nota de bibliografía Incluye referencias bibliográficas: páginas 255-284.
505 0# - NOTA DE CONTENIDO
Nota de contenido Notas y documentos relativos a la vida y obra de don José Celestino Mutis / Francisco de las Barras de Aragón -- Mutis y la botánica en Colombia / Santiago Díaz-Piedrahita -- Mutis, el oráculo de este reino / Gabriel Restrepo -- Aspectos filosóficos de la obra de Mutis / Gonzalo Hernández de Alba -- Mutis y la Real Expedición Botánica del Nuevo Reino de Granada / José Antonio Amaya -- Tres sabios fraternalmente unidos en el amor a la naturaleza--Linneo, Mutis y Humboldt / Guillermo Hernández de Alba.
600 10 - ASIENTO SECUNDARIO DE MATERIA - NOMBRE PERSONAL
Nombre persona Mutis, José Celestino,
Fechas asociadas con el nombre 1732-1808.
9 (RLIN) 81174
611 2# - ASIENTO SECUNDARIO DE MATERIA - NOMBRE DE LA REUNION
Nombre de la reunión o nombre de la jurisdicción como elemento de entrada Real Expedición Botánica del Nuevo Reino de Granada
Fecha de la reunión (1783-1816)
Subdivisión general Historia
9 (RLIN) 81175
650 26 - ASIENTO SECUNDARIO DE MATERIA - TERMINO TEMATICO
Término temático o nombre geográfico como elemento de entrada Botánica
Subdivisión geográfica Colombia
Subdivisión general Historia
9 (RLIN) 81176
650 26 - ASIENTO SECUNDARIO DE MATERIA - TERMINO TEMATICO
Término temático o nombre geográfico como elemento de entrada Botánicos
Subdivisión geográfica Colombia
Subdivisión general Biografía
9 (RLIN) 81177
650 26 - ASIENTO SECUNDARIO DE MATERIA - TERMINO TEMATICO
Término temático o nombre geográfico como elemento de entrada Botánicos
Subdivisión geográfica España
Subdivisión general Biografía
9 (RLIN) 81178
700 1# - ASIENTO SECUNDARIO - NOMBRE PERSONAL
Nombre personal Pinto-Escobar, Polidoro
Término de relación editor
9 (RLIN) 12161
700 1# - ASIENTO SECUNDARIO - NOMBRE PERSONAL
Nombre personal Díaz Piedrahita, Santiago
Término de relación editor
9 (RLIN) 95842
710 2# - ASIENTO SECUNDARIO - NOMBRE CORPORATIVO
Nombre corporativo o de jurisdicción como elemento de entrada Universidad Nacional de Colombia.
Unidad subordinada Instituto de Ciencias Naturales--Museo de Historia Natural.
9 (RLIN) 81180
942 ## - ELEMENTOS ADICIONALES (KOHA)
Sistema de clasificación Dewey Decimal Classification
Tipo de ítem Libro
Existencias
Withdrawn status Lost status Sistema de Clasificación Damaged status No para préstamo Colección Inventariado Ubicación Permanente Ubicación actual Fecha de adquisición Fuente de Valor Total Checkouts Número topográfico Inventario / Código de Barras Date last seen Ejemplar Price effective from Forma de adquisición Tipo de material Public note
    Dewey Decimal Classification     General Inventariado 2017 Bogotá Bogotá 06/03/2001 Samper, Cristián   LB-580.926 J83c 010122 25/03/2015 Ej. 1 25/03/2015 Donación Libro Disponible en fotocopia, solo para consulta en sala.